|
|
|
|
| LEADER |
00000cam a2200000 7i4500 |
| 001 |
0000006697 |
| 005 |
20070817.0 |
| 008 |
070817 |
| 020 |
|
|
|a 0431183333
|
| 090 |
0 |
0 |
|a 391.009
|b REY
|
| 100 |
1 |
|
|a Reynolds, Helen
|
| 245 |
1 |
2 |
|a A fashionable history of dresses and skirts
|c Helen Reynolds
|
| 260 |
|
|
|a London :
|b David West Children's Books ,
|c 2003
|
| 650 |
|
0 |
|a Dresses
|x History
|x Juvenile literature
|
| 650 |
|
0 |
|a Fashion
|x History
|x Juvenile Literature
|
| 650 |
|
0 |
|a Skirts
|x History
|x Juvenile Literature
|
| 710 |
1 |
|
|a Dresses and skirts
|
| 710 |
1 |
|
|a Title
|
| 999 |
|
|
|a 0000981709
|b Book
|c Adult Collection
|e Perbadanan Perpustakaan Awam Johor
|
| 999 |
|
|
|a 0000981710
|b Book
|c Adult Collection
|e Perbadanan Perpustakaan Awam Johor
|
| 999 |
|
|
|a 0000981711
|b Book
|c Adult Collection
|e Perbadanan Perpustakaan Awam Johor
|